Statistics for 10 Largest European islands by size

Click here to take the quiz!

General Stats

  • This quiz has been taken 61 times
  • The average score is 5 of 10

Answer Stats

Sq milesAnswer% Correct
32595Ireland
93%
39315Iceland
91%
9908Sicily
87%
88745Great Britain
83%
9247Sardinia
78%
3572Cyprus
67%
15546Spitsbergen
15%
18177Severny
7%
12836Yuzhny
6%
5576Nordaudlandet
0%

Score Distribution

Percentile by Number Answered

Percent of People with Each Score

Your Score History

You have not taken this quiz